000 01070cam a2200409 4500
001 J2292
008 090401t xxu||||| |||| 00| 0 eng d
035 _a(Sirsi) u48153
041 _aeng
050 _a333.337016
110 _aJones Lang Wootton
_92909
245 _aJones Lang Wootton European property index. - First quarter 1994 Fourth quarter 1994
260 _aLondon
_bJones Lang Wootton
_c1994-95
300 _a4 pt. ; 30cm.
350 _a0
520 _aFull report no longer available except to fee-paying clients. Third and Fourth quarters entitled European office index.
650 _aAMSTERDAM
650 _aBARCELONA
650 _aBERLIN
650 _aBRUSSELS
650 _aDUBLIN
650 _aDUSSELDORF
650 _aEUROPE
650 _aFRANKFURT
650 _aHAMBURG
650 _aLONDON
650 _aLYON
650 _aMADRID
650 _aMILAN
650 _aMUNICH
650 _aOFFICES
650 _aPARIS
650 _aPROPERTY INDEXES
690 _aOVERSEAS-EUROPE
942 _n0
948 _c04/03/1997
999 _c92289
_d92289